Представление документа в формате RUSMARC

ПолеНазваниеЗначение
  Тип записи a
  Библиографический уровень a
001 Контрольный номер RU/CBS_UL/BASE/78f24f893f0c473dbb5fa7a9aa8feec0
005 Дата корректировки 20260401154013.3
100 Данные общей обработки __
a Данные общей обработки 20260401 ||| 0rusy0189 ca
101 Язык документа 0_
a Язык текста rus
102 Страна публикации __
a Страна публикации RU
200 Заглавие и сведения об ответственности 1_
a Заглавие Горе от ума
e Сведения, относящиеся к заглавию [царевна Софья Алексеевна]
f Первые сведения об ответственности И. Андреев
300 Общие примечания __
a Общие примечания 12+
461 Уровень набора _0
1 2000
a Историк
463 Уровень физической единицы _0
1 2000
a № 3
v С. 14-21 : ил
1 2101
d 2026
1 001RU/CBS_UL/BASE/3614bf568a064e319e133348bd67d229
600 Персоналии _1
a Персоналии (Фамилия) Софья Алексеевна
606 Тематические рубрики 0_
a Основная рубрика Софья Алексеевна (царевна; 1657-1704)
610 Ключевые слова 0_
a Ключевые слова царевны
610 Ключевые слова 0_
a Ключевые слова русские царевны
610 Ключевые слова 0_
a Ключевые слова царевны русские
610 Ключевые слова 0_
a Ключевые слова династии Романовых
610 Ключевые слова 0_
a Ключевые слова борьба за власть на Руси
610 Ключевые слова 0_
a Ключевые слова регенты в России
610 Ключевые слова 0_
a Ключевые слова женщины-регенты
610 Ключевые слова 0_
a Ключевые слова постриженные в монахини
686 Индексы других классификаций __
2 Код системы rubbk
a Классификационный индекс 63.3(2)45
700 Автор _1
a Фамилия Андреев
b Имя (инициалы) И.
801 Источник записи _0
a Страна RU
b Организация МБУК ЦБС г. Ульяновска
c Дата составления 20260401
g Правила каталогизации RCR
801 Источник записи _1
a Страна RU
b Организация МБУК ЦБС г. Ульяновска
c Дата составления 20260401
g Правила каталогизации RCR
901 Тип документа __
t Тип документа b
w Контрольный № источника RU/CBS_UL/BASE/3614bf568a064e319e133348bd67d229
909 Создатель записи __
a Создатель записи lib2